00331 2200145 4500001002100000005001500021035002000036245004300056100001900099300001100118260002200129082000800151084001400159990001200173INLIS00000000000199420250527083036 a0010-05250002861 aPenciptaan Teknologi /cBarbara Taylor0 aBarbara Taylor a40 hlm bPakar Raya,c2005 a600 a600 BAR p a0713205